Acceso a la justicia a los consumidores en materia de salud: la convergencia de principios del derecho de la salud y el derecho del consumo (Registro nro. 31149)

Detalles MARC
000 -LEADER
fixed length control field 00435 a2200109 4500
001 - CONTROL NUMBER
control field ART_63128
005 - DATE AND TIME OF LATEST TRANSACTION
control field 20260410161959.0
008 - FIXED-LENGTH DATA ELEMENTS--GENERAL INFORMATION
fixed length control field 260409a
100 1# - MAIN ENTRY--PERSONAL NAME
Personal name Díaz, Ana I.
245 10 - TITLE STATEMENT
Title Acceso a la justicia a los consumidores en materia de salud: la convergencia de principios del derecho de la salud y el derecho del consumo
773 0# - HOST ITEM ENTRY
Title Temas de derecho comercial
Related parts - Año 11, N° 7/8 (jul./ago. 2025)
Record control number REV28151

No hay ítems disponibles.